000 00548nam a2200169 4500
001 148299
003 ES-MaACL
005 20230906202536.0
007 t|
008 070214s1960 sp r ||||1| spa d
100 1 _aStorer, Tracy I.
_9108329
245 1 0 _aZoología General /
_cTracy I. Storer, Robert L. Usinger ; traducción de la 3ª ed. americana por Antonio Prevosti.
260 _aBarcelona :
_bOmega,
_c[1960] (
_fClarasó)
300 _a1003 p. ;
_c23 cm.
700 1 _aPrevosti, Antonio.
_993823
852 _aES-MaACL
_jC-16884
_bR.45225
999 _c148299
_d148299